| 000 | 00343nam a2200109Ia 4500 | ||
|---|---|---|---|
| 008 | 171205s9999 xx 000 0 und d | ||
| 020 | _a9781472942395 | ||
| 100 | _aWallace, Susan | ||
| 245 | _aMotivating Unwilling Learners in Further Education The Key to Improving Behaviour | ||
| 260 |
_bBloomsbury Publishing Plc _c2017 |
||
| 300 | _a143 pages | ||
| 999 |
_c347414 _d347414 |
||